| 000 | 00520nam a2200181Ia 4500 | ||
|---|---|---|---|
| 008 | 240925s9999 xx 000 0 und d | ||
| 020 | _a9788126536535 | ||
| 082 | _a621.382 HAY | ||
| 100 | _aHaykin, Simon ; Moher, Michael | ||
| 245 | 0 | _aIntroduction to Analog and Digital Communications | |
| 250 | _a2nd | ||
| 260 |
_aNew Delhi: _bJohn Wiley and Sons _c,2014. |
||
| 300 |
_axxiv, 563p. _b0 _fPhotocopy |
||
| 500 | _aIncludes Index | ||
| 600 | _aTelecommunication Engineering | ||
| 650 | _aTechnology | ||
| 942 | _cBK | ||
| 999 |
_c13988 _d13988 |
||